プロスピA チャンピオンシップ(スピチャン) 歴代優勝者 - Statistics

General Stats
  • This quiz has been taken 34 times
  • The average score is 2 of 7
Answer Stats
年度 優勝者 % Correct
2018 〓 V.I.P 〓
96%
2021 黒山羊
38%
2023 あさぼー
38%
2024 とものりお
13%
2020 ちんぴ
4%
2022 オルニキ
4%
2019 popo
4%
No matching quizzes found
Score Distribution
Percent of People with Each Score
Percentile by Number Answered
Your Score History
You have not taken this quiz